[Event "BCF-chT3Sa 1617 (4NCL)"]
[Site "England"]
[Date "2017.02.11"]
[Round "5.16"]
[White "Ressel, Eva"]
[Black "Rabbitt, Michael"]
[Result "0-1"]
[WhiteElo "1742"]
[BlackElo "2033"]
[PlyCount "60"]
[EventDate "2016.11.26"]
[EventType "team-tourn"]
[EventRounds "11"]
[EventCountry "ENG"]
[SourceTitle "EXT 2019"]
[Source "ChessBase"]
[SourceDate "2018.10.10"]
[SourceVersion "1"]
[SourceVersionDate "2018.10.10"]
[SourceQuality "1"]
[WhiteTeam "The Rookies"]
[BlackTeam "Brown Jack"]
[WhiteTeamCountry "ENG"]
[BlackTeamCountry "ENG"]

1. e4 e5 2. Nf3 Nc6 3. Bc4 Nf6 4. Nc3 Nxe4 5. Bxf7+ Kxf7 6. Nxe4 Be7 7. d4 exd4 8. Nxd4 Nxd4 9. Qxd4 d5 10. Ng3 Bf6 11. Qd3 Re8+ 12. Ne2 Bg4 13. f3 Bh5 14. 0-0 Bg6 15. Qd1 Kg8 16. Nf4 Bf7 17. Nd3 c5 18. Rb1 c4 19. Nf4 Qa5 20. a3 d4 21. b3 b5 22. Bb2 Rad8 23. bxc4 bxc4 24. Re1 Qc5 25. Rxe8+ Rxe8 26. Kf1 g5 27. Nh3 c3 28. Bc1 Bc4+ 29. Kg1 d3+ 30. Kh1 dxc2 0-1

[Event "BCF-chT3Sa 1617 (4NCL)"]
[Site "England"]
[Date "2016.11.26"]
[Round "1.26"]
[White "Adaway, William"]
[Black "Ressel, Eva"]
[Result "1-0"]
[WhiteElo "1944"]
[BlackElo "1742"]
[PlyCount "49"]
[EventDate "2016.11.26"]
[EventType "team-tourn"]
[EventRounds "11"]
[EventCountry "ENG"]
[SourceTitle "EXT 2019"]
[Source "ChessBase"]
[SourceDate "2018.10.10"]
[SourceVersion "1"]
[SourceVersionDate "2018.10.10"]
[SourceQuality "1"]
[WhiteTeam "Wessex"]
[BlackTeam "The Rookies"]
[WhiteTeamCountry "ENG"]
[BlackTeamCountry "ENG"]

1. Nf3 Nf6 2. g3 Nc6 3. Bg2 e5 4. d3 d5 5. 0-0 Be6 6. c3 Qd7 7. b4 a6 8. Nbd2 Rd8 9. Nb3 Bh3 10. Bg5 h6 11. Bxf6 gxf6 12. Nc5 Bxc5 13. bxc5 Qg4 14. Qc2 Bxg2 15. Kxg2 e4 16. Nh4 Rg8 17. Kh1 Qh3 18. Ng2 Ne5 19. Nf4 Qg4 20. dxe4 c6 21. Rad1 h5 22. exd5 cxd5 23. Rxd5 Rxd5 24. Nxd5 Nf3 25. Nxf6+ 1-0

[Event "BCF-chT3Sa 1516 (4NCL)"]
[Site "England"]
[Date "2016.02.13"]
[Round "5.60"]
[White "Ressel, Eva"]
[Black "Taylor, Robert Graham"]
[Result "1/2-1/2"]
[WhiteElo "1611"]
[BlackElo "1992"]
[PlyCount "43"]
[EventDate "2015.11.14"]
[EventType "team-swiss"]
[EventRounds "7"]
[EventCountry "ENG"]
[SourceTitle "EXT 2017"]
[Source "ChessBase"]
[SourceDate "2016.10.25"]
[SourceVersion "1"]
[SourceVersionDate "2016.10.25"]
[SourceQuality "1"]
[WhiteTeam "The Rookies"]
[BlackTeam "Rhyfelwyr Essyllwg"]
[WhiteTeamCountry "ENG"]
[BlackTeamCountry "ENG"]

1. e4 c5 2. Nc3 Nc6 3. f4 g6 4. Nf3 Bg7 5. Bc4 d6 6. 0-0 Nf6 7. d3 0-0 8. Qe1 Nd4 9. Qh4 e6 10. f5 exf5 11. Bg5 Be6 12. Nxd4 cxd4 13. Nd5 Bxd5 14. Bxd5 h6 15. Bxf6 Qxf6 16. Qxf6 Bxf6 17. exf5 g5 18. Bxb7 Rab8 19. Bd5 Rb5 20. Bb3 Be5 21. Rae1 Kg7 22. Re4 1/2-1/2

[Event "BCF-chT3Sa 1516 (4NCL)"]
[Site "England"]
[Date "2016.01.17"]
[Round "4.90"]
[White "Neatherway, A Philip"]
[Black "Ressel, Eva"]
[Result "1-0"]
[WhiteElo "1840"]
[BlackElo "1611"]
[PlyCount "61"]
[EventDate "2015.11.14"]
[EventType "team-swiss"]
[EventRounds "7"]
[EventCountry "ENG"]
[SourceTitle "CBM 170 Extra"]
[Source "ChessBase"]
[SourceDate "2016.02.25"]
[SourceVersion "1"]
[SourceVersionDate "2016.02.25"]
[SourceQuality "1"]
[WhiteTeam "Oxford II"]
[BlackTeam "The Rookies"]
[WhiteTeamCountry "ENG"]
[BlackTeamCountry "ENG"]

1. e4 e5 2. Nf3 Nc6 3. Bb5 f5 4. Nc3 fxe4 5. Nxe4 Nf6 6. d3 d5 7. Nc3 Bc5 8. Bg5 0-0 9. Bxc6 bxc6 10. Qe2 Qe8 11. 0-0-0 Ng4 12. Bh4 Ba6 13. h3 e4 14. hxg4 exf3 15. Qxe8 Raxe8 16. gxf3 Rxf3 17. d4 Bb4 18. Bg3 Bxc3 19. bxc3 Rxc3 20. Rhe1 Re4 21. Rxe4 dxe4 22. Kb2 Rc4 23. c3 c5 24. d5 e3 25. fxe3 Rxg4 26. Bxc7 Bc4 27. d6 Rg2+ 28. Kc1 Rxa2 29. Kb1 Ra3 30. d7 Ba2+ 31. Kb2 1-0

[Event "BCF-chT3Sa 1516 (4NCL)"]
[Site "England"]
[Date "2016.01.16"]
[Round "3.90"]
[White "Ressel, Eva"]
[Black "Holton, Jake"]
[Result "0-1"]
[WhiteElo "1611"]
[BlackElo "1730"]
[PlyCount "46"]
[EventDate "2015.11.14"]
[EventType "team-swiss"]
[EventRounds "7"]
[EventCountry "ENG"]
[SourceTitle "CBM 170 Extra"]
[Source "ChessBase"]
[SourceDate "2016.02.25"]
[SourceVersion "1"]
[SourceVersionDate "2016.02.25"]
[SourceQuality "1"]
[WhiteTeam "The Rookies"]
[BlackTeam "Midland Monarchs"]
[WhiteTeamCountry "ENG"]
[BlackTeamCountry "ENG"]

1. e4 e6 2. d4 d5 3. Nc3 Nf6 4. Bg5 dxe4 5. Nxe4 Be7 6. Bxf6 gxf6 7. Nf3 f5 8. Nc3 a6 9. Qd2 b5 10. 0-0-0 Bb7 11. Kb1 c5 12. Qe3 cxd4 13. Nxd4 Qc7 14. Qh6 Nd7 15. a3 Rc8 16. Qd2 b4 17. axb4 Bxb4 18. Nde2 Ne5 19. Qd4 Bc5 20. Qa4+ Bc6 21. Qf4 Ng4 22. Qc4 Bxf2 23. Qd3 Bb6 0-1

[Event "Rotterdam Basamro blitz op "]
[Site "Rotterdam"]
[Date "2015.10.24"]
[Round "1"]
[White "Boitel, Leo"]
[Black "Ressel, Eva"]
[Result "1-0"]
[WhiteElo "2067"]
[BlackElo "1575"]
[PlyCount "51"]
[EventDate "2015.10.24"]
[EventType "swiss (blitz)"]
[EventRounds "8"]
[EventCountry "NED"]
[SourceTitle "EXT 2018"]
[Source "ChessBase"]
[SourceDate "2017.10.13"]
[SourceVersion "1"]
[SourceVersionDate "2017.10.13"]
[SourceQuality "1"]

1. c4 e5 2. g3 Nc6 3. Bg2 f5 4. Nc3 Nf6 5. d3 Bb4 6. a3 Bxc3+ 7. bxc3 d6 8. Bg5 0-0 9. e3 Qe8 10. Bxf6 Rxf6 11. Ne2 Be6 12. Rb1 Rb8 13. Qa4 Bd7 14. Qc2 Qh5 15. d4 f4 16. gxf4 exf4 17. Nxf4 Qg4 18. Bd5+ Kh8 19. Kd2 Qf5 20. Be4 Qa5 21. Bxh7 Bf5 22. Bxf5 Qxf5 23. Qxf5 Rxf5 24. Ke2 Rbf8 25. Ng6+ Kh7 26. Nxf8+ 1-0

[Event "Rotterdam Basamro blitz op "]
[Site "Rotterdam"]
[Date "2015.10.24"]
[Round "8"]
[White "Ressel, Eva"]
[Black "Jina, Asha"]
[Result "1/2-1/2"]
[WhiteElo "1575"]
[BlackElo "1510"]
[PlyCount "44"]
[EventDate "2015.10.24"]
[EventType "swiss (blitz)"]
[EventRounds "8"]
[EventCountry "NED"]
[SourceTitle "EXT 2018"]
[Source "ChessBase"]
[SourceDate "2017.10.13"]
[SourceVersion "1"]
[SourceVersionDate "2017.10.13"]
[SourceQuality "1"]

1. e4 e6 2. d4 d5 3. Nc3 Bb4 4. e5 c5 5. a3 Bxc3+ 6. bxc3 Nc6 7. Qg4 Nge7 8. Qxg7 Rg8 9. Qxh7 Qa5 10. Bd2 Qb6 11. Nf3 cxd4 12. cxd4 Nxd4 13. Nxd4 Qxd4 14. Bb5+ Bd7 15. Bxd7+ Kxd7 16. 0-0 Qxe5 17. Qxf7 Raf8 18. Qh7 Rg7 19. Qh3 Rfg8 20. g3 Qe4 21. Qg2 Qxc2 22. Bh6 Rh7 1/2-1/2

[Event "Rotterdam Basamro blitz op "]
[Site "Rotterdam"]
[Date "2015.10.24"]
[Round "5"]
[White "Wang, Susie"]
[Black "Ressel, Eva"]
[Result "1/2-1/2"]
[WhiteElo "1600"]
[BlackElo "1575"]
[PlyCount "93"]
[EventDate "2015.10.24"]
[EventType "swiss (blitz)"]
[EventRounds "8"]
[EventCountry "NED"]
[SourceTitle "EXT 2018"]
[Source "ChessBase"]
[SourceDate "2017.10.13"]
[SourceVersion "1"]
[SourceVersionDate "2017.10.13"]
[SourceQuality "1"]

1. e4 e5 2. Nf3 Nc6 3. Bc4 Bc5 4. c3 Nf6 5. d4 exd4 6. cxd4 Bb4+ 7. Bd2 Bxd2+ 8. Nbxd2 d5 9. exd5 Nxd5 10. Qb3 Nce7 11. 0-0 0-0 12. Rfe1 c6 13. Ne4 Re8 14. Rad1 b5 15. Bxd5 Nxd5 16. Nc5 Bg4 17. h3 Bxf3 18. Qxf3 Qf6 19. Qxf6 Nxf6 20. Nb3 Rad8 21. Kf1 Kf8 22. Rxe8+ Rxe8 23. Re1 Rxe1+ 24. Kxe1 Ke7 25. Kd2 Kd6 26. Kd3 Kd5 27. Nc5 a5 28. a3 Kd6 29. b4 axb4 30. axb4 Nd7 31. Nxd7 Kxd7 32. f3 Kd6 33. Ke4 g6 34. g4 f6 35. h4 h6 36. f4 Ke6 37. g5 h5 38. gxf6 Kxf6 39. d5 cxd5+ 40. Kxd5 Kf5 41. Kc5 Kxf4 42. Kxb5 g5 43. hxg5 Kxg5 44. Kc5 h4 45. b5 h3 46. b6 h2 47. b7 1/2-1/2

[Event "BCF-chT3S 1415 (4NCL)"]
[Site "England"]
[Date "2015.02.14"]
[Round "5.60"]
[White "Ressel, Eva"]
[Black "Wagner, Guy"]
[Result "1-0"]
[WhiteElo "1561"]
[BlackElo "1839"]
[PlyCount "69"]
[EventDate "2014.11.15"]
[EventType "team-swiss"]
[EventRounds "6"]
[EventCountry "ENG"]
[SourceTitle "EXT 2016"]
[Source "ChessBase"]
[SourceDate "2015.10.08"]
[SourceVersion "1"]
[SourceVersionDate "2015.10.08"]
[SourceQuality "1"]
[WhiteTeam "The Rookies"]
[BlackTeam "Celtic Tigers"]
[WhiteTeamCountry "ENG"]
[BlackTeamCountry "ENG"]

1. e4 d5 2. exd5 Qxd5 3. Nc3 Qd6 4. d4 Nf6 5. Nf3 a6 6. Bc4 e6 7. 0-0 Be7 8. a4 0-0 9. Re1 Nbd7 10. Ne5 Nb6 11. Bb3 Rd8 12. Be3 Bf8 13. Ne2 Nbd5 14. Ng3 Nxe3 15. fxe3 b6 16. Nh5 Nxh5 17. Qxh5 g6 18. Qf3 f6 19. Qxa8 fxe5 20. Qe4 Bg7 21. Rad1 Qb4 22. Qc6 Qd6 23. Qxd6 cxd6 24. c3 Kf7 25. Rf1+ Ke7 26. Rf2 exd4 27. exd4 Bd7 28. Rdf1 Be8 29. Re2 e5 30. Rd1 g5 31. g4 h5 32. h3 hxg4 33. hxg4 Bc6 34. Rf1 b5 35. Rf7+ 1-0

[Event "BCF-chT3S 1415 (4NCL)"]
[Site "England"]
[Date "2015.01.11"]
[Round "4.60"]
[White "Ressel, Eva"]
[Black "Taylor, William J"]
[Result "1-0"]
[WhiteElo "1561"]
[BlackElo "2000"]
[PlyCount "139"]
[EventDate "2014.11.15"]
[EventType "team-swiss"]
[EventRounds "6"]
[EventCountry "ENG"]
[SourceTitle "EXT 2016"]
[Source "ChessBase"]
[SourceDate "2015.10.08"]
[SourceVersion "1"]
[SourceVersionDate "2015.10.08"]
[SourceQuality "1"]
[WhiteTeam "The Rookies"]
[BlackTeam "West is Best"]
[WhiteTeamCountry "ENG"]
[BlackTeamCountry "ENG"]

1. e4 e5 2. Nf3 Nc6 3. Bc4 Bc5 4. c3 Nf6 5. d4 exd4 6. cxd4 Bb4+ 7. Bd2 Bxd2+ 8. Nbxd2 d5 9. exd5 Nxd5 10. Qb3 Na5 11. Qa4+ Nc6 12. Qb3 Nce7 13. 0-0 0-0 14. Rfe1 c6 15. Rac1 Nb6 16. Ne5 Nxc4 17. Qxc4 Be6 18. Qd3 Bxa2 19. b3 Nd5 20. Ra1 Nb4 21. Qc3 a5 22. Nd3 Nxd3 23. Qxd3 Bxb3 24. Nxb3 b6 25. Qc4 Qd6 26. Re5 c5 27. Qd5 Qxd5 28. Rxd5 a4 29. Nd2 cxd4 30. Rxd4 b5 31. Rb4 Rfd8 32. Ne4 Rd5 33. Nc3 Rc5 34. Nxb5 Rb8 35. Rab1 a3 36. Nc3 Rxb4 37. Rxb4 Kf8 38. Rb3 Ra5 39. Rb1 Ke7 40. Kf1 Kd6 41. Na2 Kc5 42. Ke2 Kd4 43. Kd2 Rd5 44. Kc2 Re5 45. Rb4+ Kc5 46. Kb3 Re2 47. Rf4 f6 48. Kxa3 Kd6 49. Kb3 Ke5 50. g3 g5 51. Rf3 f5 52. Nc3 Re1 53. Kc2 Rh1 54. Re3+ Kd6 55. Nb5+ Kd7 56. Re5 f4 57. gxf4 Rxh2 58. fxg5 Rxf2+ 59. Kd3 h6 60. gxh6 Rh2 61. Rd5+ Kc6 62. Rd6+ Kxb5 63. Ke4 Kc5 64. Rf6 Rh4+ 65. Kf5 Kd5 66. Kg6 Ke5 67. Kg7 Rh1 68. Rg6 Kf5 69. h7 Rh2 70. Rg1 1-0

[Event "BCF-chT3S 1314 (4NCL)"]
[Site "England"]
[Date "2014.01.12"]
[Round "4.100"]
[White "Ressel, Eva"]
[Black "Herring, Samuel"]
[Result "0-1"]
[WhiteElo "1535"]
[BlackElo "1719"]
[PlyCount "48"]
[EventDate "2013.11.16"]
[EventType "team-swiss"]
[EventRounds "6"]
[EventCountry "ENG"]
[SourceTitle "EXT 2015"]
[Source "ChessBase"]
[SourceDate "2014.11.20"]
[SourceVersion "1"]
[SourceVersionDate "2014.11.20"]
[SourceQuality "1"]
[WhiteTeam "The Rookies"]
[BlackTeam "Celtic Tigers"]
[WhiteTeamCountry "ENG"]
[BlackTeamCountry "ENG"]

1. e4 e6 2. d4 d5 3. Nc3 Bb4 4. e5 c5 5. a3 Bxc3+ 6. bxc3 Qa5 7. Qg4 Qxc3+ 8. Kd1 Qxd4+ 9. Qxd4 cxd4 10. Nf3 Nc6 11. Bb2 f6 12. Bb5 Nge7 13. Bxd4 Kf7 14. Bb2 a6 15. Ba4 b5 16. Bb3 Bb7 17. Re1 Na5 18. a4 Nec6 19. g3 Nc4 20. Bxc4 dxc4 21. exf6 gxf6 22. Re3 e5 23. Ke2 Nb4 24. Kd2 Nd5 0-1

[Event "BCF-chT3S 1314 (4NCL)"]
[Site "England"]
[Date "2014.01.11"]
[Round "3.130"]
[White "Graham, Neil"]
[Black "Ressel, Eva"]
[Result "1-0"]
[WhiteElo "1856"]
[BlackElo "1535"]
[PlyCount "59"]
[EventDate "2013.11.16"]
[EventType "team-swiss"]
[EventRounds "6"]
[EventCountry "ENG"]
[SourceTitle "EXT 2015"]
[Source "ChessBase"]
[SourceDate "2014.11.20"]
[SourceVersion "1"]
[SourceVersionDate "2014.11.20"]
[SourceQuality "1"]
[WhiteTeam "Ashfield Breadsall"]
[BlackTeam "The Rookies"]
[WhiteTeamCountry "ENG"]
[BlackTeamCountry "ENG"]

1. d4 Nf6 2. f3 e6 3. e4 d5 4. Be3 dxe4 5. Nd2 exf3 6. Ngxf3 Nc6 7. c3 Bd7 8. Bd3 Bd6 9. 0-0 h6 10. Nc4 0-0 11. Qd2 Ng4 12. Nxd6 Nxe3 13. Nxb7 Nxf1 14. Rxf1 Qe7 15. Nc5 Rfd8 16. Nb7 Re8 17. Nc5 e5 18. Nxd7 Qxd7 19. Bb5 Rad8 20. d5 Re7 21. Bxc6 Qd6 22. Qe3 a6 23. a3 Rb8 24. b4 a5 25. Nh4 g6 26. Qxh6 axb4 27. axb4 e4 28. Qg5 Kh7 29. Rf6 Qd8 30. Nf5 1-0

[Event "GBR-ch 100th U13"]
[Site "Torquay"]
[Date "2013.07.30"]
[Round "2"]
[White "Haridas, Girinath"]
[Black "Ressel, Eva"]
[Result "1-0"]
[WhiteElo "1750"]
[BlackElo "1539"]
[PlyCount "85"]
[EventDate "2013.07.29"]
[EventType "swiss"]
[EventRounds "7"]
[EventCountry "ENG"]
[SourceTitle "EXT 2019"]
[Source "ChessBase"]
[SourceDate "2018.10.10"]
[SourceVersion "1"]
[SourceVersionDate "2018.10.10"]
[SourceQuality "1"]

1. d4 Nf6 2. c4 e6 3. Nf3 b6 4. g3 Ba6 5. b3 Bb4+ 6. Bd2 Be7 7. Bg2 c6 8. Nc3 d5 9. cxd5 cxd5 10. 0-0 0-0 11. Ne5 Nfd7 12. Bf4 Nxe5 13. Bxe5 Nd7 14. Bf4 Bb4 15. Rc1 Qf6 16. Bxd5 Rac8 17. Bc4 Bb7 18. Nb1 e5 19. Be3 Rfd8 20. d5 a6 21. a3 Bc5 22. Bd2 b5 23. Bd3 Bxd5 24. Ba5 Bb6 25. Rxc8 Rxc8 26. Bxh7+ Kxh7 27. Qxd5 Bxa5 28. Qxd7 Rd8 29. Qb7 Bb6 30. Qe4+ Kg8 31. Kg2 Qd6 32. Rc1 Qb8 33. e3 f6 34. Qc6 Kf7 35. a4 Rd6 36. Qe4 bxa4 37. bxa4 a5 38. Na3 Rd7 39. Nb5 Ke7 40. Qg4 Qb7+ 41. Kg1 Kf8 42. Qe6 Re7 43. Rc8+ 1-0

[Event "Buxton e2e4 op-B 03"]
[Site "Buxton"]
[Date "2013.03.17"]
[Round "4"]
[White "Probert, Malcolm"]
[Black "Ressel, Eva"]
[Result "0-1"]
[WhiteElo "1714"]
[BlackElo "1447"]
[PlyCount "86"]
[EventDate "2013.03.15"]
[EventType "swiss"]
[EventRounds "5"]
[EventCountry "ENG"]
[SourceTitle "EXT 2015"]
[Source "ChessBase"]
[SourceDate "2014.11.20"]
[SourceVersion "1"]
[SourceVersionDate "2014.11.20"]
[SourceQuality "1"]

1. Nf3 Nc6 2. d4 e6 3. g3 b6 4. Bg2 Bb7 5. 0-0 d6 6. c4 Nf6 7. Nc3 Ne7 8. Qc2 Ng6 9. Rd1 Be7 10. e4 d5 11. cxd5 exd5 12. Bg5 Nxe4 13. Bxe7 Nxe7 14. Nxe4 dxe4 15. Ng5 0-0 16. Nxe4 Rb8 17. Rac1 c6 18. Ng5 Ng6 19. Nf3 Qd6 20. h4 Rfc8 21. h5 Nf8 22. Ne5 c5 23. Bxb7 Rxb7 24. Qf5 Re8 25. Nc4 Qe6 26. Qf4 Rd8 27. Re1 Rxd4 28. Qf3 Qd5 29. Qxd5 Rxd5 30. Re8 Rbd7 31. Rc2 Rd8 32. Rce2 Rxe8 33. Rxe8 f6 34. Re7 Rd7 35. Rxd7 Nxd7 36. Kg2 Kf8 37. f4 Ke7 38. Kf3 g6 39. g4 Ke6 40. Ne3 b5 41. Ke4 f5+ 42. gxf5+ gxf5+ 43. Nxf5 Nf6+ 0-1

[Event "Buxton e2e4 op-B 03"]
[Site "Buxton"]
[Date "2013.03.15"]
[Round "1"]
[White "Ressel, Eva"]
[Black "O'Gorman, Brendan"]
[Result "0-1"]
[WhiteElo "1447"]
[BlackElo "1781"]
[PlyCount "108"]
[EventDate "2013.03.15"]
[EventType "swiss"]
[EventRounds "5"]
[EventCountry "ENG"]
[SourceTitle "EXT 2015"]
[Source "ChessBase"]
[SourceDate "2014.11.20"]
[SourceVersion "1"]
[SourceVersionDate "2014.11.20"]
[SourceQuality "1"]

1. e4 c5 2. Nc3 e6 3. f4 Nc6 4. Nf3 a6 5. a3 d5 6. d3 Nf6 7. e5 Nd7 8. Be2 Be7 9. 0-0 0-0 10. Qe1 b5 11. Qg3 Qc7 12. Kh1 Nd4 13. Bd2 Nxe2 14. Nxe2 d4 15. f5 Kh8 16. fxe6 fxe6 17. Ng5 Bxg5 18. Qxg5 Bb7 19. Nf4 Qc6 20. Nh5 g6 21. Nf6 Nxe5 22. Ne4 Rf5 23. Qe7 Ng4 24. Rxf5 exf5 25. h3 Re8 26. Qh4 Ne3 27. Bxe3 dxe3 28. Qf6+ Qxf6 29. Nxf6 Re7 30. c4 Kg7 31. Nd5 Bxd5 32. cxd5 f4 33. Re1 Kf6 34. g3 f3 35. d6 f2 36. Rf1 Rd7 37. Kg2 Rxd6 38. b4 cxb4 39. axb4 Rxd3 40. Ra1 Rd6 41. Kf3 Re6 42. Ke2 Kf5 43. Ra3 Ke4 44. Rxe3+ Kd5 45. Rxe6 Kxe6 46. Kxf2 Kd5 47. h4 Kc4 48. g4 Kxb4 49. h5 a5 50. hxg6 hxg6 51. Kf3 a4 52. Kf4 a3 53. Kg5 a2 54. Kxg6 a1Q 0-1

[Event "High Wycombe e2e4 U2000 op 03"]
[Site "High Wycombe"]
[Date "2013.03.09"]
[Round "2"]
[White "Wilson, Matthew R"]
[Black "Ressel, Eva"]
[Result "1/2-1/2"]
[WhiteElo "1747"]
[BlackElo "1447"]
[PlyCount "72"]
[EventDate "2013.03.08"]
[EventType "swiss"]
[EventRounds "5"]
[EventCountry "ENG"]
[SourceTitle "EXT 2015"]
[Source "ChessBase"]
[SourceDate "2014.11.20"]
[SourceVersion "1"]
[SourceVersionDate "2014.11.20"]
[SourceQuality "1"]

1. Nf3 Nf6 2. g3 d5 3. Bg2 c5 4. 0-0 Nc6 5. d4 e6 6. c3 Bd6 7. dxc5 Bxc5 8. b4 Bd6 9. Qc2 h6 10. a3 Bd7 11. c4 Rc8 12. c5 Ne5 13. Nxe5 Bxe5 14. Bb2 Bxb2 15. Qxb2 0-0 16. Nd2 b6 17. Nb3 Ba4 18. cxb6 Qxb6 19. Rac1 Bxb3 20. Qxb3 Qb5 21. e3 a5 22. Rfd1 axb4 23. Qxb4 Qxb4 24. axb4 Rb8 25. Rb1 Rb6 26. Rb2 Rfb8 27. Rdb1 Kf8 28. f3 Nd7 29. Bf1 Nc5 30. b5 Na4 31. Rc2 R6b7 32. Rbc1 Nb6 33. Rc7 Rxc7 34. Rxc7 Nc4 35. Bxc4 dxc4 36. Rxc4 Rxb5 1/2-1/2

[Event "BCF-chT3S 1213 (4NCL)"]
[Site "England"]
[Date "2013.02.24"]
[Round "6.169"]
[White "Ressel, Eva"]
[Black "Tobisch, John"]
[Result "1/2-1/2"]
[WhiteElo "1462"]
[BlackElo "1926"]
[PlyCount "51"]
[EventDate "2012.11.03"]
[EventType "team-swiss"]
[EventRounds "6"]
[EventCountry "ENG"]
[SourceTitle "EXT 2014"]
[Source "ChessBase"]
[SourceDate "2013.11.20"]
[SourceVersion "1"]
[SourceVersionDate "2013.11.20"]
[SourceQuality "1"]
[WhiteTeam "FCA Solutions II"]
[BlackTeam "e2e4.org.uk III"]
[WhiteTeamCountry "ENG"]
[BlackTeamCountry "ENG"]

1. e4 e6 2. d4 d5 3. Nc3 Nf6 4. Bg5 Bb4 5. e5 h6 6. Bd2 Bxc3 7. bxc3 Ne4 8. Qg4 g6 9. Bd3 Nxd2 10. Kxd2 Qg5+ 11. Qxg5 hxg5 12. Nh3 g4 13. Nf4 g5 14. Ne2 Nd7 15. Ng3 c5 16. Be2 Rh4 17. Nf1 f5 18. exf6 Nxf6 19. g3 Rh8 20. Ke3 Bd7 21. Nd2 c4 22. Rab1 0-0-0 23. f3 gxf3 24. Bxf3 g4 25. Bg2 Bc6 26. h3 1/2-1/2

[Event "Wch U12 Girls"]
[Site "Maribor"]
[Date "2012.11.11"]
[Round "4.37"]
[White "Jorge, Rita Maria Osorio"]
[Black "Ressel, Eva"]
[Result "1/2-1/2"]
[WhiteElo "1636"]
[BlackElo "1463"]
[PlyCount "80"]
[EventDate "2012.11.08"]
[EventType "swiss"]
[EventRounds "11"]
[EventCountry "SLO"]
[SourceTitle "EXT 2013"]
[Source "ChessBase"]
[SourceDate "2012.11.22"]
[SourceVersion "1"]
[SourceVersionDate "2012.11.22"]
[SourceQuality "1"]

1. e4 e5 2. Nf3 Nc6 3. Bb5 a6 4. Ba4 Nf6 5. d3 b5 6. Bb3 d6 7. c3 Be7 8. a4 Bg4 9. 0-0 Na5 10. Bc2 c5 11. h3 Bd7 12. Nbd2 Nc6 13. Re1 0-0 14. Nf1 Qc7 15. Ne3 Rfe8 16. d4 exd4 17. cxd4 bxa4 18. Bxa4 Bf8 19. Bc2 Nb4 20. Nf5 cxd4 21. Bb1 Bxf5 22. exf5 Rxe1+ 23. Nxe1 d5 24. Nf3 Nc6 25. Bg5 Qb6 26. Bxf6 gxf6 27. Qd2 Rb8 28. Bd3 Qxb2 29. Rxa6 Qxd2 30. Nxd2 Nb4 31. Ra3 Nxd3 32. Rxd3 Rb4 33. Nb3 Bd6 34. g3 Be5 35. Kf1 Kg7 36. Ke2 h5 37. f4 Bd6 38. Nxd4 Bc5 39. Nb3 Bb6 40. Kf3 Kf8 1/2-1/2

[Event "High Wycombe e2e4 Intermediate op 03"]
[Site "High Wycombe"]
[Date "2012.03.17"]
[Round "2"]
[White "Ressel, Eva"]
[Black "Plumb, Mick"]
[Result "1/2-1/2"]
[WhiteElo "1646"]
[BlackElo "1598"]
[PlyCount "83"]
[EventDate "2012.03.16"]
[EventType "swiss"]
[EventRounds "5"]
[EventCountry "ENG"]
[SourceTitle "EXT 2014"]
[Source "ChessBase"]
[SourceDate "2013.11.20"]
[SourceVersion "1"]
[SourceVersionDate "2013.11.20"]
[SourceQuality "1"]

1. e4 e5 2. Nf3 Nc6 3. Bc4 Bc5 4. c3 Nf6 5. d4 exd4 6. cxd4 Bb4+ 7. Bd2 Nxe4 8. Bxb4 Nxb4 9. Bxf7+ Kxf7 10. Qb3+ d5 11. Qxb4 Re8 12. 0-0 b6 13. Nbd2 Bf5 14. Nxe4 Bxe4 15. Qc3 Kg8 16. Nd2 Bg6 17. Rfe1 Qd6 18. Re3 Rxe3 19. Qxe3 Re8 20. Qc3 Qf4 21. Nf3 Rf8 22. Qe3 Qd6 23. Qe5 Qd7 24. Rc1 c6 25. Qg3 Be4 26. Ne5 Qd6 27. Nxc6 Qh6 28. Qe3 Qh4 29. f3 Bg6 30. Ne7+ Kh8 31. Nxg6+ hxg6 32. g3 Qf6 33. Rf1 Rc8 34. Qe5 Qc6 35. Qe2 Qa4 36. Qe6 Qxd4+ 37. Kh1 Rc2 38. Qh3+ Kg8 39. Qe6+ Kh7 40. Qh3+ Kg8 41. Qe6+ Kh7 42. Qh3+ 1/2-1/2